000 00397nam a22001457a 4500
005 20250708132232.0
008 250708b |||||||| |||| 00| 0 eng d
020 _a13:978-81-8473-442-3
050 _aQP 41.P74 2013
100 _aROBIN PRESTON
245 _aLIPPINCOTT,S ILLUSTRATED REVIEWS PHYSIOLOGY
260 _aNEW DELHI
_bWILLIAMS AND WILKINS
_c2013
300 _aX,513
942 _2lcc
_cBK
999 _c215852
_d215852